00983cam a2200277 a 4500999001500000001000500015003000900020005001700029008004100046010001700087020001500104040002800119082002100147100001800168245003800186250001200224260003900236300004400275504004900319650002000368650003500388650003200423942001200455952011900467952011900586 c6476d64761645BD-DhUAP20210103101755.0210103s1996 wiua b 000 0 eng  a 95081024  a0697262618 aDLCcDLCdBD-DhUAPbeng00a616.9792 COX2231 aCox, Frank D.14aThe AIDS booklet /cFrank D. Cox. a4th ed. aBoston :bWCB/McGraw-Hill,cc1996. aix, 67 pages :billustrations ;c23 cm. aIncludes bibliographical references (p. 58). 0aAIDS (Disease). 0aAIDS (Disease)zUnited States. 0aAIDS (Disease)xPrevention. 2ddccBK 00102ddc4070aUAPCLbUAPCLcGeneral Stacksd2021-01-03o616.9792 COXp3010001645r2021-01-03t1w2021-01-03yBK 00102ddc4070aUAPCLbUAPCLcGeneral Stacksd2021-01-03o616.9792 COXp3010001644r2021-01-03t2w2021-01-03yBK